00739cam a22002177a 4500001001300000003000400013005001700017008004100034010001700075040001300092050002400105051009600129100003700225245007200262260003500334300002100369490002900390504005500419600003000474999001700504e 09000494 DLC20260227111150.0071002s1902 fr b 000 0 fre  ae 09000494  aDLCcDLC00aMLCS 2007/48066 (L) aMLCS 2007/48066acPreservation photocopy. ([North Manchester, IN : HF Group, 2013]. 20 cm.)1 aCompayré, Gabriel,d1843-1913.10aJean Macé et l'instruction obligatoire /cpar Gabriel Compayré. aParis :bP. Delaplane,c[1902] a104 p. ;c17 cm.0 aLes grandes éducateurs aIncludes bibliographical references (p. [99]-100).10aMacé, Jean,d1815-1894. c18776d18776